[Event "Team Russia"]
[Site "Petergof"]
[Date "2015.08.03"]
[Round "3.14"]
[White "Yashmetov, Mikhail"]
[Black "Afanasiev, Nikita"]
[Result "0-1"]
[WhiteElo "2183"]
[BlackElo "2281"]
[PlyCount "62"]
[EventDate "2015.08.??"]
[EventType "team-swiss"]

1. d4 Nf6 2. c4 e5 3. dxe5 Ng4 4. Nf3 Bc5 5. e3 Nc6 6. a3 a5 7. Be2 Ngxe5 8.
Nxe5 Nxe5 9. O-O O-O 10. Nd2 Qh4 11. Qc2 Ra6 12. Qe4 Qf6 13. Qd5 Qe7 14. Ne4
Ba7 15. b3 Rh6 16. Bb2 d6 17. g3 Ng4 18. h4 c6 19. Qd3 Bf5 20. Qc3 f6 21. Nd2
Bc8 22. Nf3 Bb6 23. Rad1 Rg6 24. Bc1 f5 25. Kg2 Nf6 26. Nd2 f4 27. h5 Rg5 28.
exf4 Qxe2 29. fxg5 Ng4 30. Nf3 Bxf2 31. Qd3 Ne3+ 0-1

[Event "Team Russia"]
[Site "Petergof"]
[Date "2015.08.03"]
[Round "3.15"]
[White "Maksimov, Dmitri"]
[Black "Volkov, Roman"]
[Result "1-0"]
[WhiteElo "2307"]
[BlackElo "1928"]
[PlyCount "107"]
[EventDate "2015.08.??"]
[EventType "team-swiss"]

1. e4 e5 2. Nf3 Nc6 3. Nc3 Nf6 4. d4 exd4 5. Nxd4 Bb4 6. Nxc6 bxc6 7. Bd3 d5 8.
exd5 cxd5 9. O-O O-O 10. Bg5 c6 11. Qf3 h6 12. Bxf6 Qxf6 13. Qxf6 gxf6 14. Ne2
a5 15. Nd4 Bc5 16. c3 Bd7 17. Bf5 Bxf5 18. Nxf5 Kh7 19. Rfe1 Rfe8 20. Rxe8 Rxe8
21. Kf1 Kg6 22. Ng3 a4 23. b4 Bd6 24. Ne2 Re4 25. Rd1 Be5 26. Nd4 Bxd4 27. cxd4
Kf5 28. Rd3 Kf4 29. g3+ Kf5 30. f3 Re8 31. Rc3 h5 32. Kf2 Rb8 33. a3 Rb6 34.
Rc5 h4 35. Ra5 hxg3+ 36. hxg3 Rb8 37. Rxa4 Rh8 38. Ke3 Re8+ 39. Kd2 Rh8 40. Ra6
Rh2+ 41. Kc3 Rh1 42. Kb2 Rh2+ 43. Kb3 Rf2 44. Rxc6 Rxf3+ 45. Rc3 Rf1 46. Re3
Rd1 47. b5 Rxd4 48. b6 Rd1 49. Kc2 Rh1 50. Re8 Rh2+ 51. Kc3 d4+ 52. Kxd4 Rb2
53. Kc5 Rb3 54. a4 1-0

[Event "Team Russia"]
[Site "Petergof"]
[Date "2015.08.03"]
[Round "3.16"]
[White "Dimitrova, Aleksandra"]
[Black "Zakariadze, Irina"]
[Result "1-0"]
[WhiteElo "2134"]
[BlackElo "1822"]
[PlyCount "97"]
[EventDate "2015.08.??"]
[EventType "team-swiss"]

1. e4 c5 2. Nf3 a6 3. c4 d6 4. d4 Bg4 5. dxc5 Bxf3 6. gxf3 Qa5+ 7. Nc3 dxc5 8.
Qb3 Nd7 9. Qxb7 Rb8 10. Qc6 e6 11. Bg5 Ne7 12. Qa4 Qxa4 13. Nxa4 Nc6 14. O-O-O
Nd4 15. f4 f6 16. Bh4 Be7 17. Bg3 Kf7 18. Nc3 Nb6 19. b3 Rbd8 20. Ne2 Nxe2+ 21.
Bxe2 Rxd1+ 22. Rxd1 Rd8 23. Rxd8 Bxd8 24. Kc2 Nd7 25. a3 Be7 26. Kc3 a5 27. f3
Nb8 28. Be1 Nc6 29. Kd3 e5 30. fxe5 fxe5 31. Bd2 g5 32. Bd1 h6 33. Ke3 Kf6 34.
Kf2 Kg6 35. Be2 Kg7 36. Bf1 Kf8 37. Bh3 Ke8 38. Bc3 Bd6 39. Bf5 Ke7 40. Kg3 Kf6
41. Bd7 Nd4 42. Bxa5 Nxb3 43. Bd8+ Be7 44. Bc7 Nd2 45. Bb5 Ke6 46. a4 Bd6 47.
Bb6 Nb3 48. a5 Nd4 49. a6 1-0

[Event "Team Russia"]
[Site "Petergof"]
[Date "2015.08.03"]
[Round "3.17"]
[White "Chibukhchyan, Erik"]
[Black "Tarasov, Alexandr"]
[Result "0-1"]
[WhiteElo "1839"]
[BlackElo "2305"]
[PlyCount "80"]
[EventDate "2015.08.??"]
[EventType "team-swiss"]

1. e4 g6 2. d4 Bg7 3. Nf3 d6 4. h3 c5 5. dxc5 Qa5+ 6. c3 Qxc5 7. Be3 Qc7 8. Bd3
Nd7 9. O-O b6 10. Nbd2 Bb7 11. Qc2 Ngf6 12. Bf4 O-O 13. Rfe1 e5 14. Bh2 d5 15.
exd5 Nxd5 16. a3 Rfe8 17. c4 Rac8 18. Rac1 Qb8 19. Qb1 N5f6 20. b4 Qa8 21. Ne4
Nxe4 22. Bxe4 Bxe4 23. Qxe4 Qxe4 24. Rxe4 f5 25. Re2 e4 26. Ne1 Ne5 27. Bxe5
Bxe5 28. g3 Red8 29. Ng2 Rd3 30. Re3 Rd2 31. Kf1 Bb2 32. Rce1 Rxc4 33. g4 Rcc2
34. R1e2 Rxe2 35. Rxe2 Rxe2 36. Kxe2 Bxa3 37. b5 Kf7 38. gxf5 gxf5 39. f3 Ke6
40. fxe4 fxe4 0-1

[Event "Team Russia"]
[Site "Petergof"]
[Date "2015.08.03"]
[Round "3.18"]
[White "Payanidi, Janis"]
[Black "Ufimtsev, Egor"]
[Result "1/2-1/2"]
[WhiteElo "2238"]
[BlackElo "1883"]
[PlyCount "80"]
[EventDate "2015.08.??"]
[EventType "team-swiss"]

1. e4 c5 2. Nf3 e6 3. d4 cxd4 4. Nxd4 a6 5. Nc3 Qc7 6. a3 Nf6 7. Bd3 Be7 8. O-O
O-O 9. Kh1 d6 10. Be3 b5 11. Qe2 Bb7 12. f3 Nbd7 13. Bf2 Rfe8 14. Rfe1 Rac8 15.
Qe3 Ne5 16. Bg3 Nh5 17. Bf2 Nf6 18. Nb3 d5 19. exd5 Nxd3 20. cxd3 Nxd5 21. Nxd5
Bxd5 22. Rac1 Qb8 23. Nd2 Bd6 24. g3 Rxc1 25. Rxc1 Rc8 26. Ne4 Rxc1+ 27. Qxc1
Qc7 28. Qxc7 Bxc7 29. Kg2 Be5 30. Nc3 Bxc3 31. bxc3 Kf8 32. Bc5+ Ke8 33. Bb6
Bb7 34. Ba5 Bd5 35. Kf2 Kd7 36. Ke3 Bb3 37. Bb4 Kc6 38. Ba5 Kd5 39. f4 g6 40.
Bb4 h5 1/2-1/2

[Event "Team Russia"]
[Site "Petergof"]
[Date "2015.08.03"]
[Round "3.19"]
[White "Ustich, Ekaterina"]
[Black "Kovalev, Egor"]
[Result "1-0"]
[WhiteElo "2082"]
[BlackElo "2186"]
[PlyCount "96"]
[EventDate "2015.08.??"]
[EventType "team-swiss"]

1. e4 c5 2. Nf3 e6 3. d4 cxd4 4. Nxd4 Nf6 5. Nc3 d6 6. g4 h6 7. h3 Be7 8. Bg2
O-O 9. Be3 Nc6 10. Qe2 Nxd4 11. Bxd4 e5 12. Be3 Be6 13. O-O Rc8 14. Rfd1 a6 15.
Qd2 Qc7 16. Rac1 Qc4 17. a3 b5 18. Qd3 Rfd8 19. Qxc4 Rxc4 20. f4 Rdc8 21. Bf1
Rxc3 22. bxc3 Nxe4 23. fxe5 dxe5 24. Bg2 Nxc3 25. Rd2 e4 26. Ra1 Rc4 27. Kf2
Ra4 28. Bd4 Bh4+ 29. Kg1 Rxd4 30. Rxd4 Ne2+ 31. Kh1 Nxd4 32. Bxe4 Kf8 33. Kg2
Be7 34. Kf2 Bc5 35. Kg3 Ne2+ 36. Kf3 Nc3 37. Bd3 a5 38. Kg3 Ke7 39. Kf4 Kd6 40.
Kf3 Kc6 41. Kf4 Ba2 42. Be4+ Kb6 43. a4 bxa4 44. h4 a3 45. Bd3 Be6 46. g5 hxg5+
47. hxg5 a2 48. Ke5 Ba3 1-0

[Event "Team Russia"]
[Site "Petergof"]
[Date "2015.08.03"]
[Round "3.20"]
[White "Milovanova, Maria"]
[Black "Kvachko, Anastasiya"]
[Result "0-1"]
[WhiteElo "1945"]
[BlackElo "1703"]
[PlyCount "124"]
[EventDate "2015.08.??"]
[EventType "team-swiss"]

1. d4 Nf6 2. c4 g6 3. Nc3 d5 4. cxd5 Nxd5 5. e4 Nxc3 6. bxc3 Bg7 7. Qa4+ Nd7 8.
Nf3 O-O 9. Be2 c5 10. Be3 Nb6 11. Qb3 cxd4 12. cxd4 Be6 13. Qb4 Rc8 14. O-O Bc4
15. Bxc4 Rxc4 16. Qa3 Ra4 17. Qb3 Qc7 18. Rac1 Rc4 19. Rxc4 Qxc4 20. Qa3 Nc8
21. Rc1 Qe6 22. Ng5 Qd7 23. d5 b6 24. Qd3 Nd6 25. Rc6 e6 26. Bf4 e5 27. Bd2 Rc8
28. Bb4 Rxc6 29. dxc6 Qxc6 30. g3 Qc1+ 31. Kg2 Qxg5 32. Qxd6 h5 33. Qb8+ Kh7
34. Qxa7 Qg4 35. f3 Qe6 36. Be1 b5 37. Bf2 Qc4 38. Qa8 Bh6 39. Qd5 Qxd5 40.
exd5 Bf8 41. Kf1 Kg7 42. Bb6 Bd6 43. Ke2 Kf8 44. Kd3 Ke8 45. Kc3 Kd7 46. Ba5
Bc5 47. h3 f5 48. g4 fxg4 49. hxg4 hxg4 50. fxg4 Kd6 51. Kd3 Kxd5 52. Bd2 e4+
53. Ke2 Ke5 54. Bg5 Bd4 55. Bh6 Bb6 56. Bg5 Bg1 57. Bh6 Bh2 58. Ke3 Bg1+ 59.
Ke2 Kd4 60. Bg7+ Kc4 61. Bb2 Bd4 62. Bc1 Kc3 0-1

[Event "Team Russia"]
[Site "Petergof"]
[Date "2015.08.03"]
[Round "3.21"]
[White "Alekseenko, Kirill"]
[Black "Malyshev, Grigory"]
[Result "1-0"]
[WhiteElo "2540"]
[BlackElo "2259"]
[PlyCount "83"]
[EventDate "2015.08.??"]
[EventType "team-swiss"]

1. e4 d6 2. d4 Nf6 3. Nc3 e5 4. Nge2 Nbd7 5. f3 Be7 6. Be3 c6 7. Qd2 O-O 8. g4
b5 9. O-O-O b4 10. Nb1 a5 11. g5 Ne8 12. h4 Nc7 13. Ng3 exd4 14. Bxd4 c5 15.
Be3 Nb6 16. h5 Be6 17. Nf5 d5 18. Nxe7+ Qxe7 19. g6 fxg6 20. hxg6 h6 21. Bxh6
gxh6 22. Qxh6 Qg7 23. Qxg7+ Kxg7 24. Rh7+ Kxg6 25. Rxc7 Rac8 26. Rb7 Rb8 27.
Rxb8 Rxb8 28. Bd3 dxe4 29. Bxe4+ Kf6 30. a3 Ke5 31. Rh1 Rg8 32. Nd2 a4 33. c3
b3 34. Re1 Bf5 35. Kd1 Kf4 36. Bxf5 Kxf5 37. Rh1 Rg5 38. c4 Kf4 39. Ke2 Nd7 40.
Rh4+ Kf5 41. Ke3 Nf6 42. Rf4+ 1-0

[Event "Team Russia"]
[Site "Petergof"]
[Date "2015.08.03"]
[Round "3.22"]
[White "Rudenko, Naum"]
[Black "Lobanov, Sergei"]
[Result "1/2-1/2"]
[WhiteElo "1957"]
[BlackElo "2377"]
[PlyCount "99"]
[EventDate "2015.08.??"]
[EventType "team-swiss"]

1. e4 c5 2. Nf3 d6 3. d4 cxd4 4. Qxd4 Bd7 5. c4 Nc6 6. Qd2 Nf6 7. Nc3 g6 8. b3
Bg7 9. Bb2 O-O 10. Be2 Qa5 11. Nd5 Qxd2+ 12. Nxd2 Nxd5 13. Bxg7 Kxg7 14. exd5
Nd4 15. Bd3 b5 16. Rc1 Rfc8 17. O-O a5 18. f4 a4 19. b4 bxc4 20. Nxc4 Bb5 21.
Kf2 Ra7 22. Ke3 Nf5+ 23. Kd2 Rac7 24. Nb2 Bd7 25. Nc4 Rb7 26. Bxf5 Bxf5 27. a3
Be4 28. Ne3 Rxc1 29. Rxc1 Rb5 30. Rc7 Bxd5 31. Rxe7 Bb3 32. Rc7 Kf6 33. Kd3 h6
34. Kd4 Ke6 35. Ra7 Rb8 36. Rc7 Rb5 37. g4 h5 38. g5 Rb8 39. Nc4 Rb5 40. Nd2
Bd5 41. Nb1 Rb8 42. Nc3 Bb3 43. b5 f6 44. gxf6 Kxf6 45. Rc6 Ke6 46. h4 Rb7 47.
Ke3 Ke7 48. Ke4 Ke6 49. Rc8 Kd7 50. Ra8 1/2-1/2

[Event "Team Russia"]
[Site "Petergof"]
[Date "2015.08.03"]
[Round "3.23"]
[White "Saveliev, Alexei"]
[Black "Bogdanov, Stanislav"]
[Result "1-0"]
[WhiteElo "2310"]
[BlackElo "1846"]
[PlyCount "75"]
[EventDate "2015.08.??"]
[EventType "team-swiss"]

1. e4 d6 2. d4 Nf6 3. Nc3 e5 4. Nf3 Nbd7 5. Bc4 Be7 6. O-O O-O 7. Re1 c6 8. a4
a5 9. h3 Qc7 10. Ba2 exd4 11. Nxd4 Nc5 12. Bf4 Nfd7 13. Qf3 Bf6 14. Nf5 Ne5 15.
Qg3 Bxf5 16. exf5 Qd7 17. Rad1 Qxf5 18. Rxd6 Ng6 19. Bd2 Bxc3 20. Bxc3 Ne4 21.
Rxe4 Qxe4 22. Rd7 Qxa4 23. Bb3 Qf4 24. Qd3 Ne5 25. Bxe5 Qxe5 26. Rxb7 a4 27.
Bc4 Qf6 28. g3 Rab8 29. Ra7 Qxb2 30. Rxa4 Rfd8 31. Qe4 Rd6 32. Bd3 Qc1+ 33. Kg2
Qh6 34. Qf5 Qg6 35. Qf3 Qe6 36. Re4 Qd5 37. Bc4 Qc5 38. Qxf7+ 1-0

[Event "Team Russia"]
[Site "Petergof"]
[Date "2015.08.03"]
[Round "3.24"]
[White "Tikhonova, Dariya"]
[Black "Kiseleva, Arina"]
[Result "0-1"]
[WhiteElo "1753"]
[BlackElo "2038"]
[PlyCount "72"]
[EventDate "2015.08.??"]
[EventType "team-swiss"]

1. d4 d5 2. Bf4 Nf6 3. Nf3 e6 4. e3 Bd6 5. Bd3 O-O 6. O-O c5 7. Bxd6 Qxd6 8. c3
Nc6 9. Nbd2 e5 10. dxe5 Nxe5 11. Nxe5 Qxe5 12. c4 Qxb2 13. cxd5 Nxd5 14. Nc4
Qf6 15. Bxh7+ Kxh7 16. Qxd5 Qf5 17. Rfd1 Qxd5 18. Rxd5 b6 19. Nd6 Be6 20. Rdd1
Rfd8 21. a4 Rd7 22. e4 Rad8 23. e5 f6 24. f4 g5 25. g3 gxf4 26. gxf4 fxe5 27.
fxe5 Rg7+ 28. Kf2 Rg5 29. Nb5 Rf8+ 30. Ke3 Rxe5+ 31. Kd2 Rf2+ 32. Kc3 Ree2 33.
Rac1 Rf3+ 34. Rd3 Rf4 35. Nd6 Rxa4 36. Nb5 Rc4+ 0-1

[Event "Team Russia"]
[Site "Petergof"]
[Date "2015.08.03"]
[Round "3.25"]
[White "Shapiro, David"]
[Black "Schekachikhin, Maksim"]
[Result "0-1"]
[WhiteElo "2292"]
[BlackElo "2316"]
[PlyCount "62"]
[EventDate "2015.08.??"]
[EventType "team-swiss"]

1. d4 Nf6 2. Nf3 d5 3. c4 e6 4. e3 c5 5. dxc5 Bxc5 6. a3 O-O 7. Be2 dxc4 8.
Bxc4 Qe7 9. O-O Rd8 10. Qe2 a6 11. b4 Ba7 12. Bb2 b5 13. Ba2 Bb7 14. Nbd2 Nbd7
15. Nb3 Rac8 16. Rac1 Bd5 17. Rxc8 Rxc8 18. Rc1 Bc4 19. Qe1 Qd8 20. Nfd2 Bd5
21. Rxc8 Qxc8 22. Qc1 Qa8 23. Qf1 Bb8 24. Nc1 Bxa2 25. Nxa2 Qd5 26. Qc1 Qxa2
27. Qc8+ Nf8 28. Bc3 Nd5 29. Bd4 Qxd2 30. g3 Bd6 31. Qxa6 Be7 0-1

[Event "Team Russia"]
[Site "Petergof"]
[Date "2015.08.03"]
[Round "3.26"]
[White "Opanasenko, Mikhail"]
[Black "Gusarov, Aleksey"]
[Result "1-0"]
[WhiteElo "2043"]
[BlackElo "2003"]
[PlyCount "79"]
[EventDate "2015.08.??"]
[EventType "team-swiss"]

1. d4 Nf6 2. c4 e5 3. dxe5 Ng4 4. Bf4 g5 5. Bg3 Bg7 6. Nf3 Nc6 7. h4 Ngxe5 8.
Nxe5 Nxe5 9. Nd2 d6 10. Qc2 Be6 11. e3 h5 12. Be2 g4 13. Nb3 Qe7 14. Nd4 O-O-O
15. Bf4 Bf6 16. g3 Ng6 17. Nxe6 Qxe6 18. O-O Kb8 19. Rab1 Rdg8 20. c5 Nxf4 21.
exf4 dxc5 22. Bc4 Qd7 23. Rfd1 Bd4 24. b4 Rd8 25. bxc5 Qc6 26. Bxf7 Qf3 27.
Rxb7+ Kxb7 28. Rxd4 Rxd4 29. Qb2+ Kc6 30. Qxd4 Rb8 31. Bg6 Qa3 32. Qe4+ Kb5 33.
Qb1+ Qb4 34. Qxb4+ Kxb4 35. Bxh5 Kxc5 36. Bxg4 Kd4 37. Bf5 c5 38. h5 c4 39. h6
c3 40. h7 1-0

[Event "Team Russia"]
[Site "Petergof"]
[Date "2015.08.03"]
[Round "3.27"]
[White "Serov, Danila"]
[Black "Chernov, Maksim"]
[Result "1-0"]
[WhiteElo "1970"]
[BlackElo "2047"]
[PlyCount "77"]
[EventDate "2015.08.??"]
[EventType "team-swiss"]

1. Nf3 d5 2. g3 c5 3. Bg2 Nf6 4. O-O g6 5. c4 d4 6. d3 Bg7 7. e3 Nc6 8. exd4
Nxd4 9. Be3 Nxf3+ 10. Bxf3 Qc7 11. Nc3 Bd7 12. Rc1 O-O 13. Re1 Bf5 14. Nb5 Qc8
15. Bf4 Qd7 16. Qe2 Bxd3 17. Qxe7 Rae8 18. Qxd7 Rxe1+ 19. Rxe1 Nxd7 20. b3 a6
21. Nc7 b6 22. Nxa6 Bf6 23. Nc7 h5 24. Ne8 Be5 25. Rxe5 Nxe5 26. Nf6+ Kg7 27.
Bxe5 Kh6 28. g4 hxg4 29. Nxg4+ Kh7 30. Bd5 f5 31. Nf6+ Kh6 32. Nd7 Re8 33. f4
b5 34. Nxc5 bxc4 35. bxc4 Bc2 36. a4 Rc8 37. Bd4 g5 38. fxg5+ Kxg5 39. a5 1-0

[Event "Team Russia"]
[Site "Petergof"]
[Date "2015.08.03"]
[Round "3.28"]
[White "Petrochenko, Maria"]
[Black "Alieva, Alexandra"]
[Result "1/2-1/2"]
[WhiteElo "1997"]
[BlackElo "1963"]
[PlyCount "90"]
[EventDate "2015.08.??"]
[EventType "team-swiss"]

1. d4 d5 2. c4 e6 3. Nf3 Nf6 4. g3 dxc4 5. Bg2 Bb4+ 6. Bd2 a5 7. Qc2 b5 8. a4
Bb7 9. axb5 Nbd7 10. Qxc4 Nb6 11. Qb3 Bd5 12. Qc2 Be4 13. Qc1 O-O 14. Bxb4 axb4
15. Rxa8 Bxa8 16. Nbd2 Qd5 17. O-O Qxb5 18. e3 Rc8 19. Nb3 Ne4 20. Qc2 Bd5 21.
Ra1 Qc4 22. Qxc4 Nxc4 23. Nc1 Nxb2 24. Rb1 Ra8 25. h3 h6 26. Ne1 Nc4 27. Rxb4
Ncd6 28. Ned3 Ra1 29. Bf1 Nd2 30. Bg2 Nb3 31. Rb8+ Kh7 32. Rxb3 Bxb3 33. Kh2
Bd5 34. Bxd5 exd5 35. Nb3 Ra2 36. Kg2 Ne4 37. Nbc5 Nxc5 38. Nxc5 Kg6 39. Nd3
Kf5 40. Nb4 Ra5 41. Nc6 Rb5 42. Kf3 f6 43. Ne7+ Ke6 44. Ng6 Kf7 45. Nf4 g5
1/2-1/2

[Event "Team Russia"]
[Site "Petergof"]
[Date "2015.08.03"]
[Round "3.29"]
[White "Bondarenko, Ivan"]
[Black "Triapishko, Olexandr"]
[Result "0-1"]
[WhiteElo "2062"]
[BlackElo "2459"]
[PlyCount "70"]
[EventDate "2015.08.??"]
[EventType "team-swiss"]

1. d4 Nf6 2. c4 e6 3. Nc3 d5 4. cxd5 exd5 5. Bg5 Bb4 6. a3 Bxc3+ 7. bxc3 c5 8.
f3 Nc6 9. e3 O-O 10. Bd3 Re8 11. Ne2 h6 12. Bxf6 Qxf6 13. Kf2 cxd4 14. cxd4 Bf5
15. Bb5 Rac8 16. Rc1 a6 17. Bxc6 bxc6 18. Rc3 Qh4+ 19. g3 Qf6 20. Nc1 c5 21.
Rxc5 Qe7 22. Re1 Rxc5 23. dxc5 Qxc5 24. Qa4 Rc8 25. Ne2 Bd3 26. Rc1 Bc4 27. Rc2
Rb8 28. Rc1 Rb2 29. Re1 Qb5 30. Qxb5 axb5 31. f4 Ra2 32. Kf3 Rxa3 33. Rb1 Ra2
34. Nc3 Rc2 35. Nxb5 Be2+ 0-1

[Event "Team Russia"]
[Site "Petergof"]
[Date "2015.08.03"]
[Round "3.30"]
[White "Isayev, Maksym"]
[Black "Golikov, Daniil"]
[Result "0-1"]
[WhiteElo "2121"]
[BlackElo "1995"]
[PlyCount "86"]
[EventDate "2015.08.??"]
[EventType "team-swiss"]

1. d4 Nf6 2. c4 g6 3. Nc3 Bg7 4. e4 d6 5. Nge2 O-O 6. Ng3 e5 7. d5 c5 8. Be2
Ne8 9. O-O h5 10. Be3 h4 11. Nh1 f5 12. exf5 gxf5 13. f4 e4 14. Nf2 Nf6 15. Qe1
Nh7 16. Rd1 Kh8 17. Nh3 Bf6 18. Kh1 Rg8 19. a3 Qe7 20. Rg1 a6 21. Na4 Nd7 22.
Qd2 Rb8 23. Qc2 b5 24. cxb5 axb5 25. Nc3 b4 26. axb4 Rxb4 27. Rb1 Bd4 28. Qd2
Qf6 29. Bxd4 cxd4 30. Nxe4 fxe4 31. Qxb4 Nc5 32. Ng5 d3 33. Nxe4 Nxe4 34. Qxe4
Bf5 35. Qe3 dxe2 36. Rbc1 Qxb2 37. h3 Nf6 38. Qe7 Be4 39. Rce1 Qc3 40. Qe6
Bxg2+ 41. Rxg2 Qxe1+ 42. Kh2 Rxg2+ 43. Kxg2 Qg3+ 0-1

[Event "Team Russia"]
[Site "Petergof"]
[Date "2015.08.03"]
[Round "3.31"]
[White "Shinkevich, Maksim"]
[Black "Shemyakin, Valeriy"]
[Result "1/2-1/2"]
[WhiteElo "1987"]
[BlackElo "2091"]
[PlyCount "127"]
[EventDate "2015.08.??"]
[EventType "team-swiss"]

1. d4 Nf6 2. c4 e6 3. Nf3 Bb4+ 4. Bd2 Qe7 5. g3 b6 6. Bg2 Bb7 7. O-O Bxd2 8.
Qxd2 d6 9. Nc3 Ne4 10. Nxe4 Bxe4 11. Rac1 Nd7 12. Rfd1 O-O 13. b4 Rfd8 14. Qe3
Nf6 15. Bh3 Bxf3 16. Qxf3 c5 17. a3 e5 18. e3 exd4 19. exd4 Re8 20. Bg2 Qc7 21.
Qc6 Qe7 22. Qa4 cxd4 23. Rxd4 Qe5 24. Rcd1 a5 25. bxa5 bxa5 26. Qb5 Rab8 27.
Qc6 Rbc8 28. Qa6 Qc5 29. Rxd6 Qxa3 30. Bc6 Rf8 31. R1d3 Qa1+ 32. Kg2 Ne8 33.
Rd7 Rb8 34. Bb5 Nf6 35. R7d4 h6 36. c5 Qb2 37. Ba4 Rb4 38. Rd2 Qc3 39. Qxa5
Qxd4 40. Rxd4 Rxd4 41. c6 Rdd8 42. Bc2 Rc8 43. c7 Ne8 44. Qf5 Nf6 45. Qf4 Ne8
46. Qf5 Nf6 47. Qe5 Ne8 48. Ba4 Nxc7 49. Bd7 Ne6 50. Bxc8 Rxc8 51. f4 Rc2+ 52.
Kh3 Rc5 53. Qb8+ Kh7 54. Qe8 Rf5 55. Kg4 g6 56. Kf3 h5 57. Qe7 Kg7 58. Ke4 Nc5+
59. Ke3 Ne6 60. h3 Kg8 61. Qe8+ Kg7 62. Ke4 Nc5+ 63. Kf3 Ne6 64. Qe7 1/2-1/2

[Event "Team Russia"]
[Site "Petergof"]
[Date "2015.08.03"]
[Round "3.32"]
[White "Potapova, Margarita"]
[Black "Pankova, Julia"]
[Result "1-0"]
[WhiteElo "2069"]
[BlackElo "1681"]
[PlyCount "127"]
[EventDate "2015.08.??"]
[EventType "team-swiss"]

1. d4 Nf6 2. c4 e6 3. Nf3 b6 4. a3 Bb7 5. Nc3 d5 6. cxd5 exd5 7. g3 c6 8. Bg2
Bd6 9. O-O O-O 10. Nh4 Re8 11. b4 Qd7 12. Qd3 Qe6 13. Nf5 Ne4 14. Nxe4 dxe4 15.
Qxe4 Qxe4 16. Bxe4 Bxb4 17. Bf3 Bf8 18. Bf4 g6 19. Nd6 Bxd6 20. Bxd6 Rd8 21.
Be5 Nd7 22. Bc7 Re8 23. a4 Rac8 24. Bd6 Ba6 25. Rfe1 c5 26. d5 Ne5 27. Bg2 f5
28. e4 Nd3 29. Re3 Nb4 30. Rc1 fxe4 31. Bxe4 Red8 32. Be7 Nxd5 33. Bxd8 Nxe3
34. Bg5 Ng4 35. Bd5+ Kg7 36. Be6 Re8 37. Bxg4 Re4 38. Bd7 Bb7 39. Be3 Re7 40.
Bb5 Bd5 41. a5 Rc7 42. Bf4 Rf7 43. Be5+ Kg8 44. f4 Rb7 45. a6 Rf7 46. Rd1 Be6
47. Rd8+ Rf8 48. Rxf8+ Kxf8 49. Bb8 c4 50. Kf2 Ke7 51. Bxa7 Kd6 52. Bxb6 Bd5
53. Ke3 Ba8 54. Kd4 Bf3 55. Kxc4 Be2+ 56. Kb4 Bf3 57. a7 Ba8 58. Kc4 Bd5+ 59.
Kd4 Ba8 60. g4 Bf3 61. f5 gxf5 62. gxf5 Bb7 63. f6 Ke6 64. Bc4+ 1-0

[Event "Team Russia"]
[Site "Petergof"]
[Date "2015.08.03"]
[Round "3.33"]
[White "Minko, Vladimir"]
[Black "Shubin, Kirill"]
[Result "1/2-1/2"]
[WhiteElo "2268"]
[BlackElo "2216"]
[PlyCount "98"]
[EventDate "2015.08.??"]
[EventType "team-swiss"]

1. d4 Nf6 2. c4 c5 3. d5 b5 4. Qc2 bxc4 5. e4 d6 6. Bxc4 g6 7. Nc3 Bg7 8. Nf3
Nfd7 9. O-O O-O 10. Bf4 Nb6 11. Be2 Bg4 12. Nd2 Bxe2 13. Nxe2 Na6 14. a3 Rb8
15. Rab1 Qd7 16. b3 Rfc8 17. Nc4 Rc7 18. Na5 Rbc8 19. Nc4 Rb8 20. Nc3 Nxc4 21.
bxc4 Rcb7 22. Nb5 Nc7 23. Nxa7 Rb2 24. Rxb2 Rxb2 25. Qd3 Nxd5 26. Qxd5 Qxa7 27.
e5 Qxa3 28. exd6 exd6 29. Bc1 Be5 30. Bxb2 Qxb2 31. Qd3 Bd4 32. Kh1 Kg7 33. f4
Qb7 34. f5 Qe7 35. Qf3 Be5 36. Qg4 Bf6 37. Qf3 Be5 38. g3 Bf6 39. Kg2 Be5 40.
Qg4 Qf6 41. Qf3 Qe7 42. h4 Bf6 43. Qg4 Qb7+ 44. Kh3 Qc8 45. Qf4 Qa8 46. Qf3 Qd8
47. fxg6 hxg6 48. h5 Qd7+ 49. Kg2 Bg5 1/2-1/2

[Event "Team Russia"]
[Site "Petergof"]
[Date "2015.08.03"]
[Round "3.34"]
[White "Obodenko, Amir"]
[Black "Maslov, Ivan"]
[Result "1-0"]
[WhiteElo "1970"]
[BlackElo "2264"]
[PlyCount "77"]
[EventDate "2015.08.??"]
[EventType "team-swiss"]

1. e4 c5 2. c3 Nf6 3. e5 Nd5 4. d4 cxd4 5. cxd4 Nc6 6. Nf3 d6 7. Bc4 Nb6 8. Bb5
Bd7 9. exd6 e6 10. Bg5 Qb8 11. Nc3 Bxd6 12. O-O h6 13. Bh4 O-O 14. Bg3 Bxg3 15.
hxg3 Qd6 16. Qd2 Rfd8 17. Rfd1 a6 18. Be2 Be8 19. Rac1 Rac8 20. a3 Qe7 21. b4
Na7 22. Ne4 Bc6 23. Nc5 Nb5 24. Qb2 Be8 25. Ne5 Na7 26. Rd2 Nd5 27. Bf3 f6 28.
Ned3 Bf7 29. Re1 Qc7 30. Nxe6 Bxe6 31. Rxe6 Qf7 32. Rde2 Nc3 33. Re1 Rxd4 34.
Nc5 Nab5 35. a4 Rxc5 36. bxc5 Nxa4 37. Re8+ Kh7 38. Qc2+ f5 39. R8e7 1-0

[Event "Team Russia"]
[Site "Petergof"]
[Date "2015.08.03"]
[Round "3.35"]
[White "Voloshin, Pavel"]
[Black "Shchukin, Maksim"]
[Result "1-0"]
[WhiteElo "2053"]
[BlackElo "1820"]
[PlyCount "114"]
[EventDate "2015.08.??"]
[EventType "team-swiss"]

1. e4 c5 2. c3 e6 3. Nf3 Nc6 4. d4 d5 5. exd5 exd5 6. Be2 Bd6 7. O-O Nge7 8.
dxc5 Bxc5 9. Nbd2 a6 10. Nb3 Ba7 11. Nbd4 O-O 12. Be3 Bg4 13. h3 Bh5 14. Re1
Qd6 15. Qd2 Bb8 16. g3 Qd7 17. Kg2 f5 18. Bf4 Bxf4 19. Qxf4 Ng6 20. Qg5 Bxf3+
21. Nxf3 Rae8 22. Rad1 Nce5 23. Nxe5 Nxe5 24. Qd2 f4 25. Qxd5+ Qxd5+ 26. Rxd5
f3+ 27. Bxf3 Nxf3 28. Rxe8 Nh4+ 29. gxh4 Rxe8 30. Rd7 b5 31. Kf3 Rf8+ 32. Ke3
Rf6 33. Rd4 Re6+ 34. Re4 Rd6 35. a4 Kf7 36. axb5 axb5 37. Re5 Rb6 38. Ke4 Rb7
39. h5 Kf6 40. Rd5 Ke6 41. f4 Kf6 42. Rf5+ Ke6 43. h6 g6 44. Re5+ Kd6 45. h4 b4
46. c4 b3 47. h5 gxh5 48. Rxh5 Rc7 49. Rd5+ Ke7 50. Kd4 Rc6 51. Rb5 Rxh6 52.
Rxb3 Rh2 53. Rb8 h5 54. Ke5 h4 55. Rb7+ Ke8 56. Rh7 h3 57. Ke6 Kf8 1-0

[Event "Team Russia"]
[Site "Petergof"]
[Date "2015.08.03"]
[Round "3.36"]
[White "Kiseleva, Ekaterina"]
[Black "Paramzina, Anastasya"]
[Result "0-1"]
[WhiteElo "1826"]
[BlackElo "2303"]
[PlyCount "68"]
[EventDate "2015.08.??"]
[EventType "team-swiss"]

1. e4 c5 2. Nc3 d6 3. f4 Nc6 4. Nf3 g6 5. Bc4 Bg7 6. O-O Nf6 7. Qe1 O-O 8. d3
e6 9. f5 exf5 10. Qh4 Na5 11. Bg5 h6 12. Bxh6 Nxc4 13. dxc4 Nxe4 14. Bg5 f6 15.
Bd2 g5 16. Qe1 Re8 17. Qd1 Be6 18. Nd5 b5 19. b3 f4 20. c3 f5 21. Rc1 b4 22.
cxb4 Bxd5 23. cxd5 cxb4 24. Rc4 Qb6+ 25. Kh1 Nf2+ 26. Rxf2 Qxf2 27. Qg1 Qxg1+
28. Kxg1 g4 29. Nh4 Bc3 30. Bxf4 Re4 31. Nxf5 Rxc4 32. bxc4 Rf8 33. Nh6+ Kh7
34. g3 Rxf4 0-1

[Event "Team Russia"]
[Site "Petergof"]
[Date "2015.08.03"]
[Round "3.37"]
[White "Gurvich, Vitaly"]
[Black "Navrodskiy, Boris"]
[Result "1/2-1/2"]
[WhiteElo "2331"]
[BlackElo "2035"]
[PlyCount "80"]
[EventDate "2015.08.??"]
[EventType "team-swiss"]

1. Nf3 d5 2. g3 Bg4 3. Bg2 Nd7 4. d4 e6 5. O-O Ngf6 6. b3 Bd6 7. Bb2 O-O 8.
Nbd2 Bxf3 9. exf3 Qe7 10. c4 Ba3 11. Bxa3 Qxa3 12. f4 c6 13. Re1 Rfd8 14. Qc2
Rac8 15. Rad1 b6 16. Qb1 Ne8 17. f5 Nf8 18. fxe6 Nxe6 19. Bh3 N8c7 20. cxd5
Rxd5 21. Nc4 Qf8 22. Ne5 Rd6 23. Nc4 Rd5 24. Bg2 Rxd4 25. Bxc6 Rcd8 26. Rxd4
Nxd4 27. Bg2 Nce6 28. Qe4 Qe7 29. h4 Qc7 30. Kh2 h6 31. Ne3 Nc5 32. Qb1 Nce6
33. Qe4 Nc5 34. Qb1 Nce6 35. Nd5 Qd7 36. Qe4 Nb5 37. Qg4 Kh8 38. Ne3 Qc7 39.
Nd5 Qd7 40. Ne3 Qc7 1/2-1/2